Tippie ry met die trein / (Record no. 782304)

MARC details
000 -LEADER
fixed length control field 01363nam a22002537b 4500
003 - CONTROL NUMBER IDENTIFIER
control field 3228
005 - DATE AND TIME OF LATEST TRANSACTION
control field 20250808125016.0
008 - FIXED-LENGTH DATA ELEMENTS--GENERAL INFORMATION
fixed length control field 250808b sa ||||| |||| 00| 0 eng d
020 ## - INTERNATIONAL STANDARD BOOK NUMBER
International Standard Book Number 9780799379983 (paperback)
040 ## - CATALOGING SOURCE
Original cataloging agency MPL
Language of cataloging English
Transcribing agency 3228
Description conventions Resource Description and Access
041 0# - LANGUAGE CODE
Language code of text/sound track or separate title Afrikaans
082 04 - DEWEY DECIMAL CLASSIFICATION NUMBER
Classification number KAF PALM
100 1# - MAIN ENTRY--PERSONAL NAME
9 (RLIN) 188664
Personal name Palmer, Jose
Relator term Author
245 10 - TITLE STATEMENT
Title Tippie ry met die trein /
Statement of responsibility, etc. Jose and Reinette Palmer; illustrator Zinelda McDonald
260 3# - PUBLICATION, DISTRIBUTION, ETC.
Place of publication, distribution, etc. Midrand ,South Africa:
Name of publisher, distributor, etc. LAPA Publishers,
Date of publication, distribution, etc. 2016.
300 ## - PHYSICAL DESCRIPTION
Extent 24 pages :
Other physical details illustrations (chiefly colour) ;
Dimensions 21 cm.
490 ## - SERIES STATEMENT
Series statement Leer my lees. Vlak 3 ; boek 6
500 ## - GENERAL NOTE
General note Title from cover.<br/><br/>Issued in slipcase with other titles in level 3 under title: Leer my lees met Tippie die olifant, Vlak 3: boek 1-10.<br/><br/>"Graad 2+ Huistaal, Graad 3+ EAT"-- From slipcase.<br/><br/>"Langer sinne, Kort paragrawe; Hoƫfrekwensie-sigwoorde; Kontekstuele woordeskat; Aassosiasies; Taal en aktiwiteite"-- From slipcase.<br/><br/>"Leer, speel, lees"-- From slipcase.<br/><br/>10th impression also issued in slipcase with other titles in level 3 under title: Leer my lees met Tippie die olifant, Vlak 3: boek 1-10.
650 #0 - SUBJECT ADDED ENTRY--TOPICAL TERM
9 (RLIN) 196199
Topical term or geographic name entry element Afrikaans language
650 #0 - SUBJECT ADDED ENTRY--TOPICAL TERM
9 (RLIN) 196201
Topical term or geographic name entry element Readers (Publications)
700 1# - ADDED ENTRY--PERSONAL NAME
9 (RLIN) 196194
Personal name McDonald,Zinelda
Relator term illustrator
700 1# - ADDED ENTRY--PERSONAL NAME
9 (RLIN) 196198
Personal name Palmer,Reinette
Relator term author
942 ## - ADDED ENTRY ELEMENTS
Source of classification or shelving scheme Dewey Decimal Classification
item type Book
-- 5815
-- Pontsho Maoko
-- 5815
-- Pontsho Maoko
Holdings
Withdrawn status Lost status Source of classification or shelving scheme Damaged status Not for loan Collection code Home library Current library Shelving location Date acquired Total Checkouts Full call number Barcode Date last seen Price effective from item type
    Dewey Decimal Classification     Fiction KWAMHLANGA REGIONAL LIBRARY PHUMULA Children's Area 08.08.2025   KAF PALM 33228031084629 08.08.2025 08.08.2025 Book